Historia del derecho argentino, serie 1, tomo i /
Guardado en:
| Autor Principal: | |
|---|---|
| Formato: | Libro |
| Publicado: |
Madrid :
Espasa-calpe,
1927
|
| Edición: | 2a. ed. |
| Materias: | |
| Etiquetas: |
Agregar Etiqueta
Sin Etiquetas, Sea el primero en etiquetar este registro!
|
| LEADER | 00644nam a22002055a 4500 | ||
|---|---|---|---|
| 001 | EHU.bham026521 | ||
| 003 | AR-BHAM | ||
| 005 | 20110509144910.0 | ||
| 008 | 130507s1927##################000#0#####d | ||
| 082 | 3 | 4 | |a 340.82 |
| 100 | 1 | |a Bunge, Carlos Octavio | |
| 245 | 1 | 0 | |a Historia del derecho argentino, serie 1, tomo i / |c Carlos Octavio Bunge |
| 250 | |a 2a. ed. | ||
| 260 | |a Madrid : |b Espasa-calpe, |c 1927 | ||
| 300 | |a 443 p. | ||
| 500 | |a Obras Completas De Carlos Octavio Bunge | ||
| 653 | |a Derecho | ||
| 653 | |a Derecho argentino | ||
| 653 | |a Historia del derecho-argentina | ||
| 859 | |a AR-BHAM |b BIB. HUMANIDADES - General |h 340.82 |i B883 |p 277.04 |t Ej.1 |v I |3 I | ||
